"L'Antiquité expliquée et représentée en figures" de Bernard de Montfaucon : histoire d'un livre
"Sortie des presses d’une compagnie de libraires parisiens, L’Antiquité expliquée et représentée en figures de Bernard de Montfaucon compte parmi les grands musées de papier de l’ère moderne. Elle imprime pour un large public une nouvelle manière de percevoir l’Antiquité. Pour ce faire,...
Saved in:
| Other Authors: | |
|---|---|
| Document Type: | Book |
| Language: | French |
| Published: |
Pessac
: Ausonius éditions
, Decembre 2021
Bordeaux : Université Bordeaux Montaigne , Decembre 2021 |
| Series: | Scripta receptoria
19 |
| Subjects: | |
| Related Items: | Beilage:
"L' Antiquité expliquée et représentée en figures" de Bernard de Montfaucon: Chronologie de l'édition Rezensiert in: [Rezension von: Véronique Krings (Hrsg.), L'Antiquité expliquée et représentée en figures, de Bernard de Montfaucon] Rezensiert in: [Rezension von: Véronique Krings (Hrsg.), L'Antiquité expliquée et représentée en figures, de Bernard de Montfaucon] |
| Author Notes: | sous la direction de Véronique Krings ; avec un supplément de Juliette Jestaz |
| LEADER | 05643cam a2200709 ca4500 | ||
|---|---|---|---|
| 001 | 1726042928 | ||
| 003 | DE-627 | ||
| 005 | 20260206200733.0 | ||
| 007 | tu | ||
| 008 | 200803m20212021fr ||||| 00| ||fre c | ||
| 020 | |a 9782356134226 |q Broschur (Set von 2 Bänden + 1 Beiheft, Klammerheftung; Auslieferung zusammen im Schuber) : EUR 45.00 |9 978-2-35613-422-6 | ||
| 024 | 3 | |a 9782356134226 | |
| 035 | |a (DE-627)1726042928 | ||
| 035 | |a (DE-603)516035754 | ||
| 035 | |a (DE-599)KXP1726042928 | ||
| 035 | |a (OCoLC)1422612282 | ||
| 040 | |a DE-627 |b ger |c DE-627 |e rda | ||
| 041 | |a fre | ||
| 044 | |c XA-FR | ||
| 084 | |a KUNST |q DE-16 |2 fid | ||
| 084 | |a LE 3800 |2 rvk |0 (DE-625)rvk/90740: | ||
| 084 | |a IG 3000 |2 rvk |0 (DE-625)rvk/56012: | ||
| 245 | 0 | 3 | |a "L'Antiquité expliquée et représentée en figures" de Bernard de Montfaucon |b histoire d'un livre |c sous la direction de Véronique Krings ; avec un supplément de Juliette Jestaz |
| 246 | 3 | 3 | |a "L'Antiquité expliquée et représentée en figures" de Bernard de Montfaucon: Chronologie de l'édition |
| 246 | 3 | 3 | |a Chronologie de l'édition de "L'Antiquité expliquée" (1713-1724) |
| 264 | 1 | |a Pessac |b Ausonius éditions |c Decembre 2021 | |
| 264 | 1 | |a Bordeaux |b Université Bordeaux Montaigne |c Decembre 2021 | |
| 300 | |a 2 Bände (XX, 716 Seiten) |c 24 cm |e 1 Beiheft (22 ungezählte Seiten) (17 x 24 cm) | ||
| 336 | |a Text |b txt |2 rdacontent | ||
| 337 | |a ohne Hilfsmittel zu benutzen |b n |2 rdamedia | ||
| 338 | |a Band |b nc |2 rdacarrier | ||
| 490 | 0 | |a Scripta receptoria |v 19 | |
| 500 | |a 2 Bände und Beiheft in Schuber | ||
| 500 | |a Beiheft unter dem Titel: "L'Antiquité expliquée et représentée en figures" de Bernard de Montfaucon: Chronologie de l'édition | ||
| 500 | |a Abweichender Titel des Beihefts: Chronologie de l'édition de "L'Antiquité expliquée" (1713-1724) | ||
| 500 | |a Verfasserin des Beihefts: Juliette Jestaz | ||
| 500 | |a Literaturverzeichnis: Seite [671]-696 | ||
| 500 | |a Mit Registern | ||
| 520 | |a "Sortie des presses d’une compagnie de libraires parisiens, L’Antiquité expliquée et représentée en figures de Bernard de Montfaucon compte parmi les grands musées de papier de l’ère moderne. Elle imprime pour un large public une nouvelle manière de percevoir l’Antiquité. Pour ce faire, les œuvres des cabinets des collectionneurs et les monuments ont été dessinés, reproduits par la gravure et accompagnés d’explications par l’auteur. Dans le même moment, de nouvelles découvertes élargissent la connaissance du passé et lui donnent corps en le faisant surgir du sol. L’écho de cet essai d’archéologie se poursuit jusqu’à nos jours. Le présent livre rassemble les contributions de spécialistes reconnus, mettant à disposition des documents nouveaux et des points de vue inédits sur la genèse et la réception du livre. Juliette Jestaz a extrait de sa thèse de l’École des chartes (1995) plusieurs pièces qu’elle a mises à jour pour cet ouvrage." | ||
| 583 | 1 | |a Archivierung/Langzeitarchivierung gewährleistet |f SLG |z Frankreichforschung |2 pdager |5 DE-77 | |
| 600 | 1 | 7 | |0 (DE-588)100310923 |0 (DE-627)133383261 |0 (DE-576)213962276 |a Montfaucon, Bernard de |d 1655-1741 |2 gnd |
| 600 | 1 | 7 | |0 (DE-588)4734341-2 |0 (DE-627)702785245 |0 (DE-576)215868277 |a Montfaucon, Bernard de |d 1655-1741 |t L'Antiquité expliquée et représentée en figures |a K10plus |2 gnd |
| 655 | 7 | |a Aufsatzsammlung |0 (DE-588)4143413-4 |0 (DE-627)105605727 |0 (DE-576)209726091 |2 gnd-content | |
| 689 | 0 | 0 | |d p |0 (DE-588)100310923 |0 (DE-627)133383261 |0 (DE-576)213962276 |a Montfaucon, Bernard de |d 1655-1741 |2 gnd |
| 689 | 0 | |5 (DE-627) | |
| 689 | 1 | 0 | |d u |0 (DE-588)4734341-2 |0 (DE-627)702785245 |0 (DE-576)215868277 |a Montfaucon, Bernard de |d 1655-1741 |t L'Antiquité expliquée et représentée en figures |2 gnd |
| 689 | 1 | |5 (DE-627) | |
| 700 | 1 | |a Krings, Veronique |e HerausgeberIn |0 (DE-588)1161967699 |0 (DE-627)1025485920 |0 (DE-576)50706450X |4 edt | |
| 700 | 1 | |a Jestaz, Juliette |d 1969- |e VerfasserIn von Zusatztexten |0 (DE-588)188490132 |0 (DE-627)699413117 |0 (DE-576)135358027 |4 wat | |
| 700 | 1 | |a Montfaucon, Bernard de |d 1655-1741 |e ErwähnteR |0 (DE-588)100310923 |0 (DE-627)133383261 |0 (DE-576)213962276 |4 oth | |
| 770 | 0 | 8 | |i Beilage |a Jestaz, Juliette, 1969 - |t "L' Antiquité expliquée et représentée en figures" de Bernard de Montfaucon: Chronologie de l'édition |d Pessac : Ausonius éditions, 2021 |h 22 ungezählte Seiten |w (DE-627)1816697745 |
| 787 | 0 | 8 | |i Rezensiert in |a Schlauch, Deborah |t [Rezension von: Véronique Krings (Hrsg.), L'Antiquité expliquée et représentée en figures, de Bernard de Montfaucon] |d 2022 |w (DE-627)1878498282 |
| 787 | 0 | 8 | |i Rezensiert in |a Schlauch, Deborah |t [Rezension von: Véronique Krings (Hrsg.), L'Antiquité expliquée et représentée en figures, de Bernard de Montfaucon] |d 2022 |
| 935 | |a MZFRA | ||
| 936 | r | v | |a LE 3800 |b Geschichte des Faches und seiner Institutionen |k Klassische Archäologie |k Systematik und Geschichte des Faches |k Geschichte des Faches und seiner Institutionen |0 (DE-627)1270641794 |0 (DE-625)rvk/90740: |0 (DE-576)200641794 |
| 936 | r | v | |a IG 3000 |b Übrige Autoren |k Romanistik |k Französische Literatur im 18. und 19. Jahrhundert |k Französische Literatur im 18. Jahrhundert |k Literaturgeschichte |k Übrige Autoren |0 (DE-627)1271095769 |0 (DE-625)rvk/56012: |0 (DE-576)201095769 |
| 936 | s | n | |a i100 |2 mzub |
| 951 | |a MC | ||
| 990 | |a Montfaucon, Bernard de | ||
| 990 | |a Montfaucon, Bernard de / L'Antiquité expliquée et représentée en figures | ||
| 991 | |a Rezensiertes Werk | ||
| 999 | |a KXP-PPN1726042928 |e 4967441033 | ||


